| 000 | 00653cam a22002057a 4500 | ||
|---|---|---|---|
| 020 | _a9056995960 | ||
| 040 | _cIWA | ||
| 082 | _a004 COR 1998 A002 Or. | ||
| 245 | 0 | 0 | _aNetwork performance modeling and simulation / |
| 260 |
_a[Australia] : _bGordon and Breach Science Publishers, _cc1998. |
||
| 300 |
_axv, 315 p. : _bill. ; _c24 cm. |
||
| 650 | 0 | _aComputer networks | |
| 650 | 0 | _aTelecommunication systems | |
| 650 | 0 | _aNetwork performance (Telecommunication) | |
| 700 | 1 | _aWalrand, Jean. | |
| 700 | 1 | _aBagchi, Kallol K. | |
| 700 | 1 | _aZobrist, George W. | |
| 856 | 4 | 2 | _uhttp://www.loc.gov/catdir/enhancements/fy0745/00278350-d.html |
| 942 | _cEK | ||
| 999 |
_c16486 _d16486 |
||